000 00783cab a22002175a 4500
001 L156522
008 120531e20120526xxk 000 0 eng d
035 _a(Sirsi) u156522
041 0 _aeng
100 1 _aDriscoll, James
245 0 0 _aWhat is a house?
260 _c2012
490 _aEstates Gazette
_v(1221) 26 May 2012, 93(1)
520 _aImplications of a recent appeal, "Magnohard Ltd v Cadogan [2012] EWCA Civ 594" which has re-examined whether a block of flats can be considered a house and therefore give the leaseholder the right to enfranchise under the Leasehold Reform Act 1967.
590 _aKA
650 2 4 _aMagnohard ltd v Cadogan
650 2 4 _aLEASEHOLD REFORM ACT 1967
651 4 _aUnited Kingdom
690 _aResidential property
_96266
942 _n0
999 _c84053
_d84053